000 00606 a2200157 4500
999 _c5042
_d5042
020 _a684718065
050 0 0 _aPS3515 HEM 1953
100 1 _aHemingway, Ernest,
_d1899-1961.
_eauthor
245 0 4 _aThe short stories of Ernest Hemingway :
_bthe first forty-nine stories and the play The fifth column /
_cErnest Hemingway
264 _aNew York :
_bCharles Scribner's Sons,
_c1953.
300 _ax, 597 p.
500 _aFirst published in 1938 under title: The fifth column, and the first forty-nine stories.
650 _aSpain-Civil War -- Fiction
_xDrama
651 0 _aSpain
942 _2lcc
_cBK
_h3515
_iHEM
_k1953